<?xml version="1.0" encoding="UTF-8"?>
<record
    xmlns:xsi="http://www.w3.org/2001/XMLSchema-instance"
    xsi:schemaLocation="http://www.loc.gov/MARC21/slim http://www.loc.gov/standards/marcxml/schema/MARC21slim.xsd"
    xmlns="http://www.loc.gov/MARC21/slim">

  <leader>00565nam a22002057a 4500</leader>
  <controlfield tag="003">OSt</controlfield>
  <controlfield tag="005">20251210133243.0</controlfield>
  <controlfield tag="008">210218b           ||||| |||| 00| 0 eng d</controlfield>
  <datafield tag="020" ind1=" " ind2=" ">
    <subfield code="a">9789387788558</subfield>
  </datafield>
  <datafield tag="082" ind1=" " ind2=" ">
    <subfield code="a">519.22</subfield>
    <subfield code="b">B46S</subfield>
  </datafield>
  <datafield tag="100" ind1=" " ind2=" ">
    <subfield code="a">Bhat, B R</subfield>
  </datafield>
  <datafield tag="245" ind1=" " ind2=" ">
    <subfield code="a">Stochastic models </subfield>
    <subfield code="c">by B R Bhat</subfield>
    <subfield code="b">: analysis and applications</subfield>
  </datafield>
  <datafield tag="250" ind1=" " ind2=" ">
    <subfield code="a">2nd ed.</subfield>
  </datafield>
  <datafield tag="260" ind1=" " ind2=" ">
    <subfield code="a">London; New Delhi:</subfield>
    <subfield code="b">New Age International,</subfield>
    <subfield code="c">2019</subfield>
  </datafield>
  <datafield tag="300" ind1=" " ind2=" ">
    <subfield code="a">xv, 395p.</subfield>
  </datafield>
  <datafield tag="650" ind1=" " ind2=" ">
    <subfield code="a">Mathematical statistics</subfield>
  </datafield>
  <datafield tag="650" ind1=" " ind2=" ">
    <subfield code="a">Stochastic processes</subfield>
  </datafield>
  <datafield tag="650" ind1=" " ind2=" ">
    <subfield code="a">Stochastic models</subfield>
  </datafield>
  <datafield tag="942" ind1=" " ind2=" ">
    <subfield code="2">ddc</subfield>
    <subfield code="c">BK</subfield>
  </datafield>
  <datafield tag="999" ind1=" " ind2=" ">
    <subfield code="c">24043</subfield>
    <subfield code="d">24043</subfield>
  </datafield>
  <datafield tag="952" ind1=" " ind2=" ">
    <subfield code="0">0</subfield>
    <subfield code="1">0</subfield>
    <subfield code="2">ddc</subfield>
    <subfield code="4">0</subfield>
    <subfield code="7">0</subfield>
    <subfield code="8">TXB</subfield>
    <subfield code="a">CURAJ</subfield>
    <subfield code="b">CURAJ</subfield>
    <subfield code="c">STT</subfield>
    <subfield code="d">2021-02-18</subfield>
    <subfield code="e">Indica Publisher </subfield>
    <subfield code="g">999.00</subfield>
    <subfield code="i">2020-21/0943/29-01-2021</subfield>
    <subfield code="l">7</subfield>
    <subfield code="o">519.22 B46S</subfield>
    <subfield code="p">35315</subfield>
    <subfield code="r">2026-06-01</subfield>
    <subfield code="s">2026-05-18</subfield>
    <subfield code="w">2021-02-18</subfield>
    <subfield code="y">BK</subfield>
  </datafield>
  <datafield tag="952" ind1=" " ind2=" ">
    <subfield code="0">0</subfield>
    <subfield code="1">0</subfield>
    <subfield code="2">ddc</subfield>
    <subfield code="4">0</subfield>
    <subfield code="7">0</subfield>
    <subfield code="8">TXB</subfield>
    <subfield code="a">CURAJ</subfield>
    <subfield code="b">CURAJ</subfield>
    <subfield code="c">STT</subfield>
    <subfield code="d">2021-02-18</subfield>
    <subfield code="e">Indica Publisher </subfield>
    <subfield code="g">999.00</subfield>
    <subfield code="i">2020-21/0943/29-01-2021</subfield>
    <subfield code="l">2</subfield>
    <subfield code="o">519.22 B46S</subfield>
    <subfield code="p">35316</subfield>
    <subfield code="r">2024-05-29</subfield>
    <subfield code="s">2024-05-14</subfield>
    <subfield code="w">2021-02-18</subfield>
    <subfield code="y">BK</subfield>
  </datafield>
</record>
